000 00654nab a2200193 4500
001 244442
003 OSt
005 20260107123029.0
007 tu
008 260107s2020|||||||
040 _aDE-2950
_cDE-2950
245 0 0 _aKritische Fragen zum Grenzbus
_bÖPNV. Dass Frankfurt die Linie seit 2023 allein bezahlt, sorgt weiter für Kritik. OB Axel Strasser hat in der SVV Stellung zu Nachfragen von Einwohnern bezogen/
_cThomas Gutke
264 _c2025
653 _aFrankfurt (Oder)
653 _aGrenzbus
653 _aFinanzierung
773 0 _g36. Jahrgang (2025) Nr. 287 vom 10.12.2025, S. 13 mit Foto
_tMärkische Oderzeitung
942 _2z
_cA
999 _c374160
_d374160